000 00962nas a2200313 4500
001 BR2010004452
003 BR-BrBNA
005 20231205114742.0
007 ta
008 230509b bl.|||p| |||| 00| 00por d
040 _aBR-BrBNA
_bpor
_cBiblioteca Nacional de Agricultura
041 _a(Pt)
072 _aF30
100 1 _aSilva, R.L. de O.
100 1 _aMarins, L.S.S.
100 1 _aGomes, E.W.F.
100 1 _aFerraz, G. de M.G.
100 1 _aSilva, S. de O. e
100 1 _aWilladino, L.
245 1 _aAvaliação de diploides de bananeira (Musa spp.)quanto à tolerância a salinidade
650 _aBANANA
650 _aCRESCIMENTO
650 _aMELHORAMENTO GENÉTICO VEGETAL
650 _aSALINIDADE
650 _aVARIEDADE RESISTENTE
773 0 _tRevista Brasileira de Fruticultura (Brazil)
_xISSN 0100 2945
_g(Dec 2009), v. 31(4) p. 1084-1091
_wBR2010004452
909 _a202311
_bLúcia
_c55
_dLúcia Elande
942 _2AGRIS
_n0
_cANA
999 _c210305
_d210305